| 000 | 00974nas a2200313 4500 | ||
|---|---|---|---|
| 001 | BR2011008012 | ||
| 003 | BR-BrBNA | ||
| 005 | 20231205115838.0 | ||
| 007 | ta | ||
| 008 | 230509b bl.|||p| |||| 00| 00por d | ||
| 040 |
_aBR-BrBNA _bpor _cBiblioteca Nacional de Agricultura |
||
| 041 | _a(Pt) | ||
| 072 | _aF30 | ||
| 100 | 1 | _aCorrêa, L.C. | |
| 100 | 1 | _aSantos, C.A.F. | |
| 100 | 1 | _aLima, G.P.P. | |
| 100 | 1 | _aRodrigues, M.A. | |
| 100 | 1 | _aCosta, T.P.P. | |
| 245 | 1 | _aSimilaridade genética entre acessos de goiabeiras e araçazeiros baseada em marcadores moleculares aflp | |
| 650 | _aGOIABA | ||
| 650 | _aARAÇÁ | ||
| 650 | _aFRUTA TROPICAL | ||
| 650 | _aBANCO DE GERMOPLASMA | ||
| 650 | _aMELHORAMENTO GENÉTICO VEGETAL | ||
| 650 | _aMARCADOR MOLECULAR | ||
| 773 | 0 |
_tRevista Brasileira de Fruticultura (Brazil) _xISSN 0100 2945 _g(Sep 2011), v. 33(3) p. 859-867 _wBR2011008012 |
|
| 909 |
_a202311 _bLúcia _c55 _dLúcia Elande |
||
| 942 |
_2AGRIS _n0 _cANA |
||
| 999 |
_c215983 _d215983 |
||